000 00946cab a2200325 4500
001 ABS57937
008 090401t1997 xxu||||| |||| 00| 0 eng d
035 _a(Sirsi) u82445
041 _aeng
245 _aPublic access over common land
260 _c1997
350 _a0
490 _aFarm Law
_v(26) November 1997, 2-4(3)
520 _aHistorical look at legislation covering common land.
650 _aCOMMON LAND
650 _aCOMMONS ACT 1876
650 _aCOMMONS ACT 1899
650 _aCOMMONS ACT 1908
650 _aCOUNTRYSIDE ACT 1968
650 _aINCLOSURE ACT 1845
650 _aLAW OF PROPERTY ACT 1925
650 _aMETROPOLITAN COMMONS ACT 1866
650 _aNATIONAL PARKS AND ACCESS THE COUNTRYSIDE ACT 1949
650 _aNATIONAL TRUST ACT 1907
650 _aOPEN SPACES ACT 1906
650 _aPUBLIC ACCESS
690 _aHIGHWAYS RIGHTS OF WAY AND EASEMENTS
942 _n0
948 _c01/12/1997
999 _c52063
_d52063